00621nam a22001937a 45000050016000000100014000160200032000300350013000620370013000750820012000881000023001002450057001232600047001802700046002273000032002734900068003055000051003737000003004242010072205365.0 aENG-97358 c880.00a9788184501506 (v.3) aEN-80891 bDBAD/PUB a370.954 aMohanty, Jagannath aIndian culture and education /cby Jagannath Mohanty aNew DelhibDeep & Deep Publications c2009 aF-159, Rajouri Garden,bNew Delhie110002 av.3 (xii, 211p.)c23cm (Hb) aEncyclopaedia of education, culture and children's literature-3 aIncludes bibliographical references and index